| 000 | 00979nam a22001937a 4500 | ||
|---|---|---|---|
| 999 |
_c59997 _d59997 |
||
| 003 | Ge_BSU | ||
| 005 | 20230530101032.0 | ||
| 008 | 230529s2007 ge ||||| |||| 00| 0 geo d | ||
| 020 | _a9789941083327 | ||
| 041 | _ageo | ||
| 080 | _a902.2(479.222.1-25) ლ-21 | ||
| 100 |
_aლანჩავა, ო _918171 |
||
| 245 |
_aქუთაისის არქეოლოგია=THE ARCHAEOLOGY OF KUTAISI / _cომარ ლანჩავა ; რედაქტორი ბესარიონ მაისურაძე; საქ.ეროვნული მუზეუმი. ოთარ ლორთქიფანიძის არქეოლოგიური კვლევის ცენტრი. |
||
| 264 |
_aქუთაისი, _c2015. |
||
| 300 |
_a304 გვ.; _b29 სმ. |
||
| 653 | _aქუთაისის არქეოლოგია | ||
| 700 |
_aმაისურაძე, ბ. _eრედაქტორი _918280 |
||
| 942 |
_2udc _cBK |
||